000 00874nam a2200241 a 4500
001 55142
003 BD-RjUL
005 20211209080224.0
008 161114s1962 ii ||||| |||| 00| 0 ben d
020 _c: IRs 7.00
035 _a(BD-RjUL)55264
040 _aBD-RjUL
_bben
_cBD-RjUL
041 _aben
082 _223
_a780.954
_bMUS 1962
100 _aমুখোপাধ্যায়, নীহারকণা
_9164329
245 1 0 _aসংগীত ও সাহিত্য /
_cনীহারকণা মুখোপাধ্যায়
250 _a১ম সং .
260 _aকলিকাতা :
_bএম. সি. সরকার,
_c১৯৬২ [১৩৬৯]
300 _a[১৬], ২৫৪ পৃ. ;
_c২১ সেমি .
650 _aসংগীত
_zভারত
_9145270
650 _aSong
_zIndia
_9117592
942 _2ddc
_cBK
999 _c55142
_d55142